<?xml version="1.0" encoding="UTF-8"?><?xml-stylesheet type="text/xsl" href="static/style.xsl"?><OAI-PMH xmlns="http://www.openarchives.org/OAI/2.0/" xmlns:xsi="http://www.w3.org/2001/XMLSchema-instance" xsi:schemaLocation="http://www.openarchives.org/OAI/2.0/ http://www.openarchives.org/OAI/2.0/OAI-PMH.xsd"><responseDate>2026-06-05T17:45:50Z</responseDate><request verb="GetRecord" identifier="oai:riuma.uma.es:10630/38745" metadataPrefix="marc">https://riuma.uma.es/rest/oai/request</request><GetRecord><record><header><identifier>oai:riuma.uma.es:10630/38745</identifier><datestamp>2026-02-03T10:26:38Z</datestamp><setSpec>com_10630_1685</setSpec><setSpec>col_10630_38055</setSpec></header><metadata><record xmlns="http://www.loc.gov/MARC21/slim" xmlns:dcterms="http://purl.org/dc/terms/" xmlns:doc="http://www.lyncode.com/xoai" xmlns:xsi="http://www.w3.org/2001/XMLSchema-instance" xsi:schemaLocation="http://www.loc.gov/MARC21/slim http://www.loc.gov/standards/marcxml/schema/MARC21slim.xsd">
   <leader>00925njm 22002777a 4500</leader>
   <datafield ind2=" " ind1=" " tag="042">
      <subfield code="a">dc</subfield>
   </datafield>
   <datafield ind2=" " ind1=" " tag="720">
      <subfield code="a">Rueda Sánchez, Jesús</subfield>
      <subfield code="e">author</subfield>
   </datafield>
   <datafield ind2=" " ind1=" " tag="260">
      <subfield code="c">2023-11</subfield>
   </datafield>
   <datafield ind2=" " ind1=" " tag="520">
      <subfield code="a">En el desarrollo de la producción industrial y de la fabricación aditiva, aún se busca conocer lo máximo posible acerca de los materiales de los que disponemos, así como sus correspondientes propiedades mecánicas.&#xd;
En este estudio, se realizan ensayos experimentales de respuesta a fatiga por flexión rotativa a probetas fabricadas mediante impresión 3D, empleando como material ácido poliláctico (PLA) con aditivo de fibras naturales (partículas de celulosa) y PLA HR-3D870, sometiendo estas a diferentes cargas, obteniendo sus curvas S-N.&#xd;
Previo a los ensayos se realizan mediciones dimensionales de las probetas y, posteriormente a estos, evaluar, analizar y comparar los resultados y observación fractográfica.</subfield>
   </datafield>
   <datafield ind1="8" ind2=" " tag="024">
      <subfield code="a">https://hdl.handle.net/10630/38745</subfield>
   </datafield>
   <datafield tag="653" ind2=" " ind1=" ">
      <subfield code="a">Procesos de fabricación - Trabajos fin de grado</subfield>
   </datafield>
   <datafield tag="653" ind2=" " ind1=" ">
      <subfield code="a">Materiales - Fatiga - Trabajos fin de grado</subfield>
   </datafield>
   <datafield ind2="0" ind1="0" tag="245">
      <subfield code="a">Estudio experimental del comportamiento a fatiga de probetas de PLA con refuerzo de fibras naturales impresas mediante FDM</subfield>
   </datafield>
</record>
</metadata></record></GetRecord></OAI-PMH>